Größte Objekte im Sonnensystem - Statistiken

Allgemein
  • Dieses Quiz wurde 5.738 mal gespielt
  • Das Durchschnittsergebnis liegt bei 14 aus 35
Antworten auf der Karte
Die Antworten werden auf der Karte rot bzw. grün angezeigt, abhängig davon wie oft sie richtig erraten wurden.
 
Antwortstatistiken
Art Mittlerer Radius (km) Antwort % Korrekt
Planet 6.371,0 Erde
99%
Planet 3.389,5 Mars
98%
Planet 58.232 Saturn
98%
Planet 69.911 Jupiter
97%
Planet 6.051,8 Venus
97%
Planet 2.439,4 Merkur
96%
Planet 25.362 Uranus
96%
Terrestrischer Mond 1.737,4 Mond
94%
Planet 24.622 Neptun
93%
Zwergplanet 1.188,3 Pluto
93%
Stern 695.700 Sonne
89%
Mond 1.560,8 Europa
49%
Mond 2.574,7 Titan
36%
Mond 1.821,6 Io
32%
Mond 2.634,1 Ganymed
27%
Zwergplanet 469,7 Ceres
20%
Mond 2.410,3 Kallisto
16%
Zwergplanet 1.163 Eris
15%
Mond 1.353,4 Triton
13%
Mond 606.0 Charon
10%
Zwergplanet 715 Makemake
10%
Zwergplanet 780 (ellipsoid) Haumea
8%
Mond 763,5 Rhea
8%
Mond 788,4 Titania
8%
Mond 578,9 Ariel
7%
Mond 761,4 Oberon
7%
Mond 561,4 Dione
6%
Mond 734,4 Iapetus
6%
Sednoid ~453 Sedna
6%
Mond 584,7 Umbriel
6%
Zwergplanet? ~615 Gonggong
5%
Mond 531,1 Tethys
5%
Plutino ~455 Orkus
4%
Cubewano 543,8 Quaoar
4%
Cubewano ~419 Salacia
3%
Keine übereinstimmenden Quizze gefunden
Verteilung der Resultate
Anzahl Personen mit jedem Resultat
Perzentil nach korrekt beantworteten Fragen
Ihre Resultats-Entwicklung
Sie haben dieses Quiz noch nicht gespielt